| 000 | 00476nam a2200169Ia 4500 | ||
|---|---|---|---|
| 008 | 230917s9999||||xx |||||||||||||| ||und|| | ||
| 020 | _cRS725 | ||
| 040 |
_e224944 _aMAIN |
||
| 041 | _aEnglish | ||
| 082 | _a301.446 B318S | ||
| 100 | _aBates, Crispin, ed. | ||
| 245 | 0 | _aSavage attack : Tribal insurgency in India | |
| 260 |
_aNew Delhi _bSocial Science Press _c2014 |
||
| 300 | _ax, 294 p. | ||
| 500 | _a1973 13/02/2015 HBD6297 23/02/2015 Sociology UGC SAP | ||
| 942 | _cBK | ||
| 999 |
_c14758 _d14758 |
||